Modeling, control, estimation, and optimization for microgrids (Record no. 32667)

MARC details
000 -LEADER
fixed length control field 00581nam a2200181Ia 4500
020 ## - INTERNATIONAL STANDARD BOOK NUMBER
ISBN 9781138491656
050 ## - CALL MARK
Classification number TK 3105 .Z46/
100 ## - STATEMENT OF RESPONSIBILITY--MAIN AUTHOR NAME
Personal name Zhong, Zhixiong
245 #0 - TITLE STATEMENT
Title Modeling, control, estimation, and optimization for microgrids
260 ## - PUBLICATION, DISTRIBUTION, ETC. (IMPRINT)
Place of publication Boca Raton
260 ## - PUBLICATION, DISTRIBUTION, ETC. (IMPRINT)
Name of publisher CRC Press
260 ## - PUBLICATION, DISTRIBUTION, ETC. (IMPRINT)
Year of publication 2024
300 ## - PHYSICAL DESCRIPTION
Number of Pages 379 p
650 ## - SUBJECT ADDED ENTRY--TOPICAL TERM
Topical Term Microgrids (Smart power grids) Electric power systems—Control Electric power systems—Optimization Smart power grids—Mathematical models
942 ## - ADDED ENTRY ELEMENTS (KOHA)
Koha item type Books
Holdings
Withdrawn status Lost status Source of classification or shelving scheme Damaged status Not for loan Permanent Location Current Location Shelving location Date acquired Accession Number Price effective from Koha item type
    Library of Congress Classification     NILE UNIVERSITY OF NIGERIA - MAIN LIBRARY NILE UNIVERSITY OF NIGERIA - MAIN LIBRARY Items on shelf 04/23/2025 0197957 04/23/2025 Books